La vie de Karl Marx - Statistiques

Statistiques générales
  • Ce quiz a été pris 196 fois
  • Le résultat moyen est 8 sur 15
Statistiques - réponses
Indice Réponse % Correct
Marx et ce dernier fondent ce parti Ligue des communistes
88%
Il considère la religion comme "___ du peuple" L'opium
85%
Classe sociale opposée aux capitalistes chez Marx Prolétariat
83%
Principal oeuvre de Marx en 3 volumes Le Capital
80%
Grand ami de Marx Friedrich Engels
71%
En 1871, il écrit un livre sur la guerre civile de ce pays France
59%
Ville dans laquelle il réside de 1849 jusqu'à sa mort Londres
59%
État transitoire selon Marx entre le capitalisme et le communisme Socialisme
55%
Date de publication du Manifeste du parti communiste 1848
53%
Philosophe allemand qui influença Marx Georg Wilhelm Friedrich Hegel
53%
Président américain avec lequel Marx échangea des lettres Abraham Lincoln
44%
Concept qui désigne la valeur supplémentaire dégagée par le travail qui sera récupérée par le patron Plus-value
43%
Profession du père de Marx Avocat
27%
Ville de naissance Trèves
23%
Il a été l'un des dirigeants ainsi que le rédacteur de l'adresse inaugurale de cette association Association internationale des travailleurs
16%
Aucun quiz correspondant
Distribution des résultats
% des personnes avec chaque résultat
Percentile par nombre de réponses
Votre historique - résultats
Vous n’avez pas pris ce quiz